[Event "Titled Tuesday intern op 05th Sep Late"]
[Site "Chess.com INT"]
[Date "2023.09.05"]
[Round "9"]
[White "Sultanbek, Zeinep"]
[Black "Zaczek, Jonathon"]
[Result "1-0"]
[WhiteElo "2022"]
[BlackElo "2055"]
[PlyCount "105"]
[EventDate "2023.09.05"]
[EventType "swiss (blitz)"]
[EventRounds "11"]
[EventCountry "USA"]
[SourceTitle "EXT 2024"]
[Source "ChessBase"]
[SourceDate "2023.10.10"]
[SourceVersion "1"]
[SourceVersionDate "2023.10.10"]
[SourceQuality "1"]

1. e4 c5 2. b3 d6 3. Bb2 Nf6 4. Nc3 e6 5. Nf3 Be7 6. Bb5+ Nbd7 7. d4 cxd4 8. Qxd4 a6 9. Bxd7+ Bxd7 10. 0-0-0 Qc7 11. Rhe1 Rc8 12. e5 dxe5 13. Nxe5 Bc6 14. Nxc6 Qxc6 15. f3 b5 16. Rd2 0-0 17. Red1 Rfd8 18. Qe5 Rxd2 19. Rxd2 h6 20. Ne4 a5 21. Qg3 Kf8 22. Nxf6 Bxf6 23. Bxf6 gxf6 24. Qd6+ Kg7 25. Qxc6 Rxc6 26. c4 bxc4 27. Rc2 c3 28. Kd1 f5 29. Ke2 a4 30. b4 a3 31. Kd3 Rb6 32. Kxc3 Rd6 33. Kb3 Rd3+ 34. Ka4 Kf6 35. b5 e5 36. b6 e4 37. fxe4 fxe4 38. b7 Rd4+ 39. Ka5 Rd5+ 40. Ka6 Rd6+ 41. Ka5 Rd5+ 42. Ka6 Rd6+ 43. Ka7 Rd7 44. Kb6 Rd1 45. Rc5 Rd8 46. Rc8 Rd6+ 47. Kc5 Rd1 48. b8Q Rc1+ 49. Kd4 Kf5 50. Ke3 Re1+ 51. Kd2 Rf1 52. Qb5+ Kg4 53. Qxf1 1-0

[Event "Titled Tuesday intern op 05th Sep Late"]
[Site "Chess.com INT"]
[Date "2023.09.05"]
[Round "3"]
[White "Zaczek, Jonathon"]
[Black "Melikhov, Evgeny V"]
[Result "0-1"]
[WhiteElo "2055"]
[BlackElo "2208"]
[PlyCount "96"]
[EventDate "2023.09.05"]
[EventType "swiss (blitz)"]
[EventRounds "11"]
[EventCountry "USA"]
[SourceTitle "EXT 2024"]
[Source "ChessBase"]
[SourceDate "2023.10.10"]
[SourceVersion "1"]
[SourceVersionDate "2023.10.10"]
[SourceQuality "1"]

1. e4 c5 2. Nf3 d6 3. d4 cxd4 4. Nxd4 Nf6 5. Nc3 a6 6. Bc4 e6 7. Bb3 Nbd7 8. g4 Nc5 9. f3 Be7 10. g5 Nfd7 11. Rg1 0-0 12. Be3 Qc7 13. Qe2 b5 14. 0-0-0 b4 15. Na4 Nxb3+ 16. axb3 Nc5 17. Kb1 Bd7 18. Qc4 Rfc8 19. h4 Nxa4 20. Qxc7 Rxc7 21. bxa4 Bxa4 22. b3 Bd7 23. f4 a5 24. f5 a4 25. f6 Bf8 26. bxa4 Rxa4 27. h5 Rca7 28. Nb3 R7a6 29. Bd4 Bc6 30. Rde1 Bb5 31. g6 fxg6 32. hxg6 h6 33. f7+ Kh8 34. Rh1 e5 35. Bb2 Bc4 36. Re3 Be6 37. Nd2 Ra7 38. Nf3 Bxf7 39. gxf7 Rxf7 40. Nh4 Kh7 41. Nf5 Rf6 42. Rg3 Rg6 43. Rxg6 Kxg6 44. Rg1+ Kf7 45. Kc1 g5 46. Ne3 Kg6 47. Rf1 Ra8 48. Nd5 h5 0-1

[Event "Titled Tuesday intern op 22nd Aug Late"]
[Site "Chess.com INT"]
[Date "2023.08.22"]
[Round "4"]
[White "Zaczek, Jonathon"]
[Black "Carroll, Thomas"]
[Result "1-0"]
[WhiteElo "2054"]
[BlackElo "2048"]
[PlyCount "73"]
[EventDate "2023.08.22"]
[EventType "swiss (blitz)"]
[EventRounds "11"]
[EventCountry "USA"]
[SourceTitle "EXT 2024"]
[Source "ChessBase"]
[SourceDate "2023.10.10"]
[SourceVersion "1"]
[SourceVersionDate "2023.10.10"]
[SourceQuality "1"]

1. e4 e6 2. d4 d5 3. Nd2 dxe4 4. Nxe4 Bd7 5. Nf3 Bc6 6. Bd3 Nd7 7. 0-0 Ngf6 8. Ned2 Be7 9. Re1 0-0 10. Qe2 Re8 11. c4 Bxf3 12. Nxf3 c5 13. b3 cxd4 14. Bb2 Nc5 15. Rad1 Nxd3 16. Rxd3 Qa5 17. Bxd4 h6 18. Ne5 Rad8 19. Red1 a6 20. Rg3 Bc5 21. Bxc5 Qxc5 22. Rgd3 Rxd3 23. Nxd3 Qf5 24. Ne5 h5 25. h3 g5 26. Nd7 h4 27. Nxf6+ Qxf6 28. Rd7 Qc3 29. Rxb7 Rd8 30. Kh2 Rd2 31. Qh5 Qe5+ 32. Kg1 Qe1+ 33. Kh2 Qe5+ 34. Kg1 Qf5 35. Rb8+ Kg7 36. Qh8+ Kg6 37. Rg8# 1-0

[Event "Warsaw YMCA Spring-A 138th"]
[Site "Warsaw"]
[Date "2014.04.29"]
[Round "4"]
[White "Sujkowski, Pawel"]
[Black "Zaczek, Jonathon"]
[Result "0-1"]
[WhiteElo "1951"]
[BlackElo "2073"]
[PlyCount "124"]
[EventDate "2014.04.08"]
[EventType "tourn"]
[EventRounds "11"]
[EventCountry "POL"]
[SourceTitle "EXT 2015"]
[Source "ChessBase"]
[SourceDate "2014.11.20"]
[SourceVersion "1"]
[SourceVersionDate "2014.11.20"]
[SourceQuality "1"]

1. d4 Nf6 2. c4 g6 3. Nc3 d5 4. cxd5 Nxd5 5. e4 Nxc3 6. bxc3 Bg7 7. Nf3 c5 8. Be3 0-0 9. Qd2 Qa5 10. Rc1 Nc6 11. d5 Rd8 12. Be2 e6 13. Bg5 Rd7 14. 0-0 f6 15. Bh6 Ne7 16. Bxg7 Kxg7 17. d6 Nc6 18. Rfd1 e5 19. Bc4 Nd8 20. Qd5 Nf7 21. g4 Qd8 22. Qxc5 Rxd6 23. Rxd6 Qxd6 24. Qb5 Qc7 25. Bxf7 Kxf7 26. h3 Be6 27. c4 Rc8 28. c5 Qc6 29. Qxc6 Rxc6 30. Rb1 Rc7 31. a3 Bc4 32. Rc1 Ba6 33. Nd2 Ke7 34. Rc3 b6 35. Nb3 Bc8 36. Rc1 Be6 37. cxb6 Rxc1+ 38. Nxc1 axb6 39. Kf1 Bc4+ 40. Ke1 Kd6 41. Kd2 Kc5 42. Ke3 g5 43. Nd3+ Bxd3 44. Kxd3 Kb5 45. Kc3 Ka4 46. Kb2 b5 47. f3 b4 48. axb4 Kxb4 49. Kc2 Kc4 50. Kd2 Kd4 51. Ke2 Kc3 52. Ke3 Kc2 53. Ke2 h6 54. Ke3 Kd1 55. Kf2 Kd2 56. Kg3 Ke1 57. Kg2 Ke2 58. Kg3 Kf1 59. h4 Kg1 60. h5 Kf1 61. f4 Ke2 62. fxg5 fxg5 0-1

[Event "Warsaw YMCA Spring-A 138th"]
[Site "Warsaw"]
[Date "2014.04.17"]
[Round "2"]
[White "Delega, Tomasz"]
[Black "Zaczek, Jonathon"]
[Result "1-0"]
[WhiteElo "2100"]
[BlackElo "2073"]
[PlyCount "123"]
[EventDate "2014.04.08"]
[EventType "tourn"]
[EventRounds "11"]
[EventCountry "POL"]
[SourceTitle "EXT 2015"]
[Source "ChessBase"]
[SourceDate "2014.11.20"]
[SourceVersion "1"]
[SourceVersionDate "2014.11.20"]
[SourceQuality "1"]

1. d4 Nf6 2. Bg5 Ne4 3. Bf4 c5 4. f3 Nf6 5. d5 d6 6. e4 g6 7. c4 Bg7 8. Nc3 0-0 9. Qd2 a6 10. Bh6 e6 11. h4 exd5 12. cxd5 Re8 13. Bxg7 Kxg7 14. h5 Nbd7 15. hxg6 fxg6 16. Qh6+ Kg8 17. Nh3 Qe7 18. Nf4 Nf8 19. a4 b6 20. Bc4 Bd7 21. g4 b5 22. Be2 b4 23. Nd1 Qe5 24. Nd3 Qd4 25. Qe3 Qxe3 26. Nxe3 Rad8 27. Nf4 Bc8 28. g5 N6d7 29. a5 Ne5 30. Nc4 Nxc4 31. Bxc4 Rd7 32. Ke2 Rf7 33. Ke3 Rfe7 34. Rh2 Rf7 35. Rah1 Rfe7 36. b3 Rf7 37. Nd3 Rfe7 38. Nf4 Rf7 39. Bd3 Rfe7 40. Ne2 Bd7 41. Nf4 Bc8 42. Rh4 Bb7 43. Bc4 Bc8 44. Nd3 Nd7 45. Rf4 Rf8 46. Rxf8+ Kxf8 47. f4 Kg7 48. Kf3 Rf7 49. Kg3 Re7 50. Re1 h6 51. gxh6+ Kxh6 52. e5 Kg7 53. Kf3 Bb7 54. Re2 Re8 55. Re4 Kf8 56. exd6 Nf6 57. Rxe8+ Kxe8 58. Nxc5 Bxd5+ 59. Bxd5 Nxd5 60. Ke4 Nc3+ 61. Ke5 Na2 62. Ke6 1-0

[Event "Warsaw YMCA Spring-A 138th"]
[Site "Warsaw"]
[Date "2014.04.11"]
[Round "1"]
[White "Zaczek, Jonathon"]
[Black "Kasperkiewicz, Pawel"]
[Result "1/2-1/2"]
[WhiteElo "2073"]
[BlackElo "2020"]
[PlyCount "92"]
[EventDate "2014.04.08"]
[EventType "tourn"]
[EventRounds "11"]
[EventCountry "POL"]
[SourceTitle "EXT 2015"]
[Source "ChessBase"]
[SourceDate "2014.11.20"]
[SourceVersion "1"]
[SourceVersionDate "2014.11.20"]
[SourceQuality "1"]

1. e4 e5 2. Nf3 Nc6 3. Bb5 a6 4. Ba4 Nf6 5. 0-0 Nxe4 6. d4 b5 7. Bb3 d5 8. dxe5 Be6 9. Nbd2 Be7 10. Qe2 Nc5 11. Re1 0-0 12. c3 d4 13. Bd1 dxc3 14. bxc3 Qd3 15. Nb3 Qxe2 16. Rxe2 Rfd8 17. Bc2 Bd5 18. Nfd4 Nxb3 19. Nxb3 a5 20. Bf4 b4 21. cxb4 axb4 22. Rd2 Be6 23. Rdd1 Rxd1+ 24. Bxd1 Rd8 25. Rc1 Nd4 26. Be3 Nb5 27. Bf3 Nc3 28. Nd4 Bd5 29. Bxd5 Rxd5 30. Kf1 c5 31. Nc6 Bf8 32. a3 Rd1+ 33. Rxd1 Nxd1 34. axb4 Nxe3+ 35. fxe3 cxb4 36. Ke2 Bc5 37. Kd3 Kf8 38. Kc4 Bxe3 39. Kxb4 Ke8 40. Kc4 Kd7 41. Kd5 Bg1 42. h3 g6 43. Nb8+ Ke7 44. Nc6+ Kd7 45. Nb8+ Ke7 46. Nc6+ Kd7 1/2-1/2

[Event "Mazowiec-chT 1314"]
[Site "Poland"]
[Date "2014.03.09"]
[Round "10.1"]
[White "Zaczek, Jonathon"]
[Black "Lewandrowski, Tomasz"]
[Result "1-0"]
[WhiteElo "2062"]
[BlackElo "1817"]
[PlyCount "65"]
[EventDate "2014.01.12"]
[EventType "team-tourn"]
[EventRounds "10"]
[EventCountry "POL"]
[SourceTitle "EXT 2019"]
[Source "ChessBase"]
[SourceDate "2018.10.10"]
[SourceVersion "1"]
[SourceVersionDate "2018.10.10"]
[SourceQuality "1"]

1. e4 d6 2. d4 g6 3. Nc3 Bg7 4. f4 Nf6 5. Nf3 c5 6. Be3 cxd4 7. Nxd4 0-0 8. Qd2 Nc6 9. 0-0-0 Bg4 10. Re1 Rc8 11. f5 Nxd4 12. Bxd4 e5 13. Bf2 gxf5 14. h3 Rxc3 15. Qxc3 Nxe4 16. Rxe4 fxe4 17. hxg4 Qg5+ 18. Qe3 Qxg4 19. Rh4 Qg6 20. Qxe4 f5 21. Qd5+ Kh8 22. Rc4 b5 23. Rc7 Bh6+ 24. Kb1 Qg5 25. Qd1 a6 26. Rd7 Qf4 27. Bb6 Rf6 28. Rd8+ Kg7 29. Bc7 Rf7 30. Bxd6 Bg5 31. Re8 Bf6 32. Qc1 Qd4 33. Bxe5 1-0

[Event "EU-ch rapid"]
[Site "Warsaw"]
[Date "2013.12.14"]
[Round "5"]
[White "Plat, Vojtech"]
[Black "Zaczek, Jonathon"]
[Result "1-0"]
[WhiteElo "2470"]
[BlackElo "2062"]
[PlyCount "71"]
[EventDate "2013.12.14"]
[EventType "swiss (rapid)"]
[EventRounds "11"]
[EventCountry "POL"]
[SourceTitle "CBM 157 Extra"]
[Source "ChessBase"]
[SourceDate "2013.12.19"]
[SourceVersion "1"]
[SourceVersionDate "2013.12.19"]
[SourceQuality "1"]

1. b3 c5 2. Bb2 Nc6 3. e4 e6 4. g3 d6 5. Bg2 Nf6 6. Ne2 Be7 7. 0-0 0-0 8. d4 cxd4 9. Nxd4 Qc7 10. Nd2 Nxd4 11. Bxd4 Bd7 12. c4 a6 13. Rc1 Rac8 14. a4 a5 15. Nb1 Bc6 16. Nc3 b6 17. Nd5 exd5 18. cxd5 Nd7 19. Rxc6 Qb7 20. e5 dxe5 21. Be3 Bc5 22. Bg5 Rfe8 23. Qg4 Nf8 24. Rd1 Bd4 25. Rdc1 Bc5 26. Be3 Nd7 27. Bh6 g6 28. Bh3 Red8 29. Bg5 Rxc6 30. dxc6 Qxc6 31. Bxd8 Bxf2+ 32. Kxf2 Qxc1 33. Qxd7 Qc2+ 34. Ke1 Qc1+ 35. Qd1 Qe3+ 36. Kf1 1-0

[Event "Warsaw YMCA Winter 116th"]
[Site "Warsaw"]
[Date "2013.02.14"]
[Round "6"]
[White "Zaczek, Jonathon"]
[Black "Liberadzki, Slawomir"]
[Result "0-1"]
[WhiteElo "2100"]
[BlackElo "2104"]
[PlyCount "56"]
[EventDate "2013.01.10"]
[EventType "tourn"]
[EventRounds "11"]
[EventCountry "POL"]
[SourceTitle "EXT 2014"]
[Source "ChessBase"]
[SourceDate "2013.11.20"]
[SourceVersion "1"]
[SourceVersionDate "2013.11.20"]
[SourceQuality "1"]

1. e4 c5 2. Nf3 e6 3. d4 cxd4 4. Nxd4 Nc6 5. Nb5 d6 6. c4 a6 7. N5c3 Nf6 8. Be2 Be7 9. 0-0 b6 10. Be3 Bb7 11. f3 0-0 12. Na3 Re8 13. Kh1 d5 14. exd5 exd5 15. Bg1 dxc4 16. Nxc4 b5 17. Nb6 Qxd1 18. Rfxd1 Rad8 19. Rxd8 Bxd8 20. Bf1 Ne5 21. Rd1 Nxf3 22. Bc5 Bc7 23. Ncd5 Nxd5 24. Nxd5 Bxd5 25. Rxd5 Nxh2 26. Bd3 Re1+ 27. Bg1 Ng4 28. g3 Bb6 0-1

[Event "Warsaw Najdorf Memorial op-A"]
[Site "Warsaw"]
[Date "2012.08.08"]
[Round "3"]
[White "Zaczek, Jonathon"]
[Black "Bartel, Marta"]
[Result "1/2-1/2"]
[WhiteElo "2096"]
[BlackElo "2276"]
[PlyCount "74"]
[EventDate "2012.08.06"]
[EventType "swiss"]
[EventRounds "9"]
[EventCountry "POL"]
[SourceTitle "CBM 149 Extra"]
[Source "ChessBase"]
[SourceDate "2012.08.24"]
[SourceVersion "1"]
[SourceVersionDate "2012.08.24"]
[SourceQuality "1"]

1. e4 g6 2. d4 Bg7 3. f3 d6 4. c4 Nc6 5. Ne2 e5 6. Be3 exd4 7. Nxd4 Nge7 8. Nc3 0-0 9. Nxc6 Nxc6 10. Qd2 Be6 11. 0-0-0 Ne5 12. c5 dxc5 13. Bxc5 Qxd2+ 14. Kxd2 Rfd8+ 15. Kc2 b6 16. Be3 Nc6 17. Bb5 Nb4+ 18. Kb1 a6 19. Be2 b5 20. Bc5 Bxc3 21. bxc3 Nxa2 22. Kc2 Rdb8 23. Rb1 c6 24. Rb2 a5 25. Rhb1 b4 26. cxb4 Nxb4+ 27. Bxb4 axb4 28. Rxb4 Ra2+ 29. R4b2 Raxb2+ 30. Rxb2 Rxb2+ 31. Kxb2 Kf8 32. Kc3 c5 33. Bc4 Bc8 34. Bd5 Ba6 35. Bc4 Bc8 36. Bd5 Ba6 37. Bc4 Bc8 1/2-1/2

[Event "Warsaw YMCA Spring-A 107th"]
[Site "Warsaw"]
[Date "2012.06.22"]
[Round "11"]
[White "Sawicki, Mikolaj"]
[Black "Zaczek, Jonathon"]
[Result "1/2-1/2"]
[WhiteElo "2018"]
[BlackElo "2126"]
[PlyCount "39"]
[EventDate "2012.04.13"]
[EventType "tourn"]
[EventRounds "11"]
[EventCountry "POL"]
[SourceTitle "EXT 2013"]
[Source "ChessBase"]
[SourceDate "2012.11.22"]
[SourceVersion "1"]
[SourceVersionDate "2012.11.22"]
[SourceQuality "1"]

1. e4 c5 2. Nf3 d6 3. d4 cxd4 4. Nxd4 Nf6 5. Nc3 a6 6. Bc4 e6 7. Bb3 b5 8. 0-0 Be7 9. Qf3 Qc7 10. Qg3 0-0 11. Bh6 Ne8 12. Rad1 Bd7 13. Kh1 Nc6 14. Nxc6 Bxc6 15. a3 Kh8 16. Bg5 Bxg5 17. Qxg5 Nf6 18. f3 Rad8 19. Qf4 Rd7 20. Rd3 1/2-1/2

[Event "Warsaw-ch opA 65th"]
[Site "Warsaw"]
[Date "2012.06.02"]
[Round "8"]
[White "Eggink, Mateusz"]
[Black "Zaczek, Jonathon"]
[Result "1/2-1/2"]
[WhiteElo "1999"]
[BlackElo "2126"]
[PlyCount "60"]
[EventDate "2012.05.26"]
[EventType "swiss"]
[EventRounds "9"]
[EventCountry "POL"]
[SourceTitle "CBM 148 Extra"]
[Source "ChessBase"]
[SourceDate "2012.06.22"]
[SourceVersion "1"]
[SourceVersionDate "2012.06.22"]
[SourceQuality "1"]

1. e4 c5 2. Nf3 d6 3. d4 cxd4 4. Nxd4 Nf6 5. Nc3 a6 6. Bg5 e6 7. f4 Qb6 8. Nb3 Nbd7 9. Qf3 Qc7 10. 0-0-0 Be7 11. g4 b5 12. Bxf6 Nxf6 13. g5 Nd7 14. Bd3 b4 15. Ne2 Bb7 16. Rhg1 e5 17. Kb1 exf4 18. Nxf4 Ne5 19. Qe2 g6 20. h4 0-0 21. h5 Rfc8 22. hxg6 hxg6 23. Rh1 Kg7 24. Nd4 Qd7 25. Rdg1 Nxd3 26. cxd3 Rh8 27. Nf5+ gxf5 28. Nh5+ Kg6 29. Nf4+ Kg7 30. Nh5+ Kg6 1/2-1/2

[Event "Warsaw-ch opA 65th"]
[Site "Warsaw"]
[Date "2012.06.01"]
[Round "7"]
[White "Pastuszko, Kinga"]
[Black "Zaczek, Jonathon"]
[Result "1-0"]
[WhiteElo "1935"]
[BlackElo "2126"]
[PlyCount "73"]
[EventDate "2012.05.26"]
[EventType "swiss"]
[EventRounds "9"]
[EventCountry "POL"]
[SourceTitle "CBM 148 Extra"]
[Source "ChessBase"]
[SourceDate "2012.06.22"]
[SourceVersion "1"]
[SourceVersionDate "2012.06.22"]
[SourceQuality "1"]

1. e4 c5 2. Nf3 d6 3. d4 cxd4 4. Nxd4 Nf6 5. Nc3 a6 6. Be3 e6 7. Qd2 b5 8. f3 Nbd7 9. 0-0-0 Bb7 10. g4 Nb6 11. Qf2 Nfd7 12. Bd3 Qc7 13. Kb1 Rc8 14. h4 b4 15. Nce2 Nc5 16. Ng3 d5 17. exd5 Nxd5 18. Ne4 Nxd3 19. Rxd3 Be7 20. g5 Nxe3 21. Rxe3 0-0 22. Qg2 Rfd8 23. Nb3 a5 24. Ree1 a4 25. Nc1 Rd4 26. h5 Rc4 27. Re2 Bxe4 28. fxe4 b3 29. axb3 axb3 30. Nxb3 Qa7 31. g6 Ra8 32. gxf7+ Kh8 33. Rg1 Bf8 34. e5 Qa2+ 35. Kc1 Rb8 36. h6 g6 37. Qg5 1-0

[Event "Warsaw YMCA Spring-A 107th"]
[Site "Warsaw"]
[Date "2012.05.04"]
[Round "4"]
[White "Zaczek, Jonathon"]
[Black "Guerrero Rodriguez, Alejandra"]
[Result "1/2-1/2"]
[WhiteElo "2126"]
[BlackElo "2057"]
[PlyCount "181"]
[EventDate "2012.04.13"]
[EventType "tourn"]
[EventRounds "11"]
[EventCountry "POL"]
[SourceTitle "EXT 2013"]
[Source "ChessBase"]
[SourceDate "2012.11.22"]
[SourceVersion "1"]
[SourceVersionDate "2012.11.22"]
[SourceQuality "1"]

1. e4 c5 2. Nf3 g6 3. d4 Bg7 4. Nc3 cxd4 5. Nxd4 Nc6 6. Be3 Nf6 7. Bc4 d6 8. f3 Qb6 9. Bb5 Qc7 10. Qd2 a6 11. Ba4 0-0 12. 0-0-0 Nxd4 13. Bxd4 Be6 14. Bb3 b5 15. Rhe1 Bc4 16. Kb1 e5 17. Be3 Rfd8 18. Bg5 b4 19. Bxf6 Bxf6 20. Bxc4 bxc3 21. Qxc3 Rab8 22. b3 Rdc8 23. Ka1 Be7 24. Rd5 Rb5 25. Red1 Rxd5 26. Rxd5 Qb6 27. Qd2 Qg1+ 28. Kb2 Rc6 29. h3 Qb6 30. Qe2 Bg5 31. Rd1 Be3 32. c3 a5 33. a4 Bc5 34. Qd3 Rc7 35. Qd5 Qb7 36. Qxb7 Rxb7 37. Rb1 Kf8 38. Kc2 Ke7 39. Bb5 Ra7 40. Kd3 Bb6 41. Bc6 Rc7 42. Bd5 f5 43. b4 h6 44. c4 f4 45. bxa5 Bxa5 46. Rb8 Ra7 47. Rh8 Kf6 48. Bc6 h5 49. Bb5 Bb6 50. Ke2 Bc5 51. Rc8 Ke6 52. Rc6 Bb4 53. Rc8 Bc5 54. Rg8 Kf6 55. Be8 Rg7 56. Rh8 Rb7 57. Bb5 Ra7 58. Kd3 Bb4 59. Kc2 Bc5 60. Kb3 Bd4 61. Rb8 Bc5 62. Kc2 Bd4 63. Kd3 Bc5 64. Ke2 Bd4 65. Kf1 Bc5 66. Ke2 Bd4 67. Kd1 Bc5 68. Kc2 Bd4 69. Kb3 Bc5 70. Bc6 Ke7 71. Ra8 Rxa8 72. Bxa8 Kd7 73. a5 Kc7 74. Ka4 h4 75. Kb5 Ba7 76. Bd5 Bc5 77. Ba8 Ba7 78. c5 Bxc5 79. Kc4 Kb8 80. Bc6 Ka7 81. Bb5 Ba3 82. Kd5 Bc5 83. Kc6 Bb4 84. a6 Bc5 85. Bc4 Bb4 86. Kc7 Bc5 87. Kd7 Bb4 88. Ke6 Bc5 89. Kf6 Bb4 90. Kxg6 Bc5 91. Kf7 1/2-1/2

[Event "Warsaw YMCA Spring-A 107th"]
[Site "Warsaw"]
[Date "2012.04.13"]
[Round "1"]
[White "Zaczek, Jonathon"]
[Black "Goslawski, Michal"]
[Result "1-0"]
[WhiteElo "2126"]
[BlackElo "2067"]
[PlyCount "51"]
[EventDate "2012.04.13"]
[EventType "tourn"]
[EventRounds "11"]
[EventCountry "POL"]
[SourceTitle "EXT 2013"]
[Source "ChessBase"]
[SourceDate "2012.11.22"]
[SourceVersion "1"]
[SourceVersionDate "2012.11.22"]
[SourceQuality "1"]

1. e4 e6 2. d4 d5 3. Nc3 Bb4 4. e5 Ne7 5. a3 Bxc3+ 6. bxc3 c5 7. Qg4 Qc7 8. Qxg7 Rg8 9. Qxh7 cxd4 10. Ne2 Nbc6 11. f4 Bd7 12. Rb1 0-0-0 13. Qd3 Na5 14. cxd4 Nc4 15. Bd2 Kb8 16. h4 Nf5 17. h5 Rc8 18. Rh3 Nxd2 19. Qxd2 Qxc2 20. Qb4 Bc6 21. h6 Qc4 22. Qd2 Qa4 23. h7 Rh8 24. g4 Ne7 25. Rb4 Qa6 26. Nc1 1-0

[Event "Mazowiec-chT 1112"]
[Site "Poland"]
[Date "2012.02.19"]
[Round "8.6"]
[White "Toczek, Grzegorz"]
[Black "Zaczek, Jonathon"]
[Result "0-1"]
[WhiteElo "2290"]
[BlackElo "2126"]
[PlyCount "54"]
[EventDate "2012.01.08"]
[EventType "team-tourn"]
[EventRounds "10"]
[EventCountry "POL"]
[SourceTitle "EXT 2019"]
[Source "ChessBase"]
[SourceDate "2018.10.10"]
[SourceVersion "1"]
[SourceVersionDate "2018.10.10"]
[SourceQuality "1"]

1. d4 Nf6 2. Nf3 g6 3. c4 Bg7 4. g3 0-0 5. Bg2 d5 6. cxd5 Nxd5 7. 0-0 Nc6 8. e4 Nb6 9. d5 Na5 10. Nc3 c6 11. Nd4 e6 12. Nb3 Nxb3 13. axb3 cxd5 14. exd5 exd5 15. Nxd5 Be6 16. Nxb6 Qxb6 17. Ra3 Rfd8 18. Qe2 Bxb3 19. Bd2 a5 20. Be3 Qb4 21. Rc1 a4 22. Raa1 Be6 23. Rc3 Bxc3 24. bxc3 Qxc3 25. Rc1 Qb3 26. Bh6 Rac8 27. Re1 a3 0-1